UBT Library

USA Track & Field coaching manual / (Record no. 44051)

000 -LEADER
fixed length control field 00998cam a22002894a 4500
001 - CONTROL NUMBER
control field 4049179
005 - DATE AND TIME OF LATEST TRANSACTION
control field 20180302073004.0
008 - FIXED-LENGTH DATA ELEMENTS--GENERAL INFORMATION
fixed length control field 990416s2000 ilua bf 000 0 eng
010 ## - LIBRARY OF CONGRESS CONTROL NUMBER
LC control number 99030810
020 ## - INTERNATIONAL STANDARD BOOK NUMBER
International Standard Book Number 0880116048
040 ## - CATALOGING SOURCE
Original cataloging agency DLC
Transcribing agency DLC
Modifying agency DLC
041 ## - LANGUAGE CODE
Language code of text/sound track or separate title eng
042 ## - AUTHENTICATION CODE
Authentication code pcc
043 ## - GEOGRAPHIC AREA CODE
Geographic area code n-us---
080 ## - UNIVERSAL DECIMAL CLASSIFICATION NUMBER
Universal Decimal Classification number 796.42077 RIC
082 00 - DEWEY DECIMAL CLASSIFICATION NUMBER
Classification number 796.42077 RIC
Edition number 21
100 ## - Rafti
Rafti 8
101 ## - Shkurtesa
Shkurtesa EKZ
245 00 - TITLE STATEMENT
Title USA Track & Field coaching manual /
Statement of responsibility, etc USA Track & Field ; Joseph L. Rogers, project coordinator.
246 3# - VARYING FORM OF TITLE
Title proper/short title USA Track and Field coaching manual
504 ## - BIBLIOGRAPHY, ETC. NOTE
Bibliography, etc Includes bibliographical references (p.309-311).
906 ## - LOCAL DATA ELEMENT F, LDF (RLIN)
a 7
b cbc
c orignew
d 1
e ocip
f 19
g y-gencatlg
942 ## - ADDED ENTRY ELEMENTS (KOHA)
Source of classification or shelving scheme
Item type Books
Holdings
Withdrawn status Lost status Source of classification or shelving scheme Damaged status Not for loan Collection code Permanent location Current location Shelving location Date acquired Total Checkouts Full call number Barcode Date last seen Price effective from Koha item type
          Koleksioni i përgjithshem UBT - Lipjan UBT - Lipjan Koleksioni i përgjithshem 03/02/2018   796.42077 RIC 002-3000545 03/02/2018 03/02/2018 Books
UBT Library © 2015-2024. All rights reserved University Education for Business and Technology